Famous Historical Figures: Fascists - Statistics

General Stats
  • This quiz has been taken 332 times
  • The average score is 11 of 25
Answer Stats
Hint Answer % Correct
Leader of Nazi Germany 1933-1945, founder of National Socialism Adolf Hitler
100%
Duce of Fascist Italy, 1922-1945, hanged in 1945 by partisans Benito Mussolini
91%
Founder of the SS, one of the main architects of the holocaust Heinrich Himmler
81%
The Reichsmarschall and commander of the air force of the above, very fat Hermann Göring
77%
Leader of Falangist Spain, 1936-1975 Fransisco Franco
76%
Reich Minister of Propaganda, 1933-1945; Plenipotentiary of Total War, 1944-1945 Joseph Goebbels
75%
Prime minister of Japan, 1941-1944, responsible for the pearl harbor attacks Hideki Tojo
59%
Wife of the first entry Eva Braun
56%
Leader of Vichy France, the "lion of verdun" in WWI Philipe Petain
54%
British fascist politician, founder of the British Union of Fascists, supporter of Europeanism Oswald Mosley
52%
SS commander responsible for the logistics of the final solution, arrested and executed by Mossad after being captured in 1960 in Argentina Adolf Eichmann
50%
Foreign minister of Nazi Germany, signed a treaty with the USSR Joachin von Ribbentrop
50%
The naval commander of Nazi Germany, President for twenty days Karl Dönitz
46%
Norwegian collaborationist with the Nazis during WWII, today used as a symbol of betrayal and collaboration Vidkun Quisling
41%
Leader of the Sturmabteilung, killed during the night of the long knifes Ernst Röhm
38%
Japanese commander of the combined fleet, killed in airplane in 1943. Isoroku Yamamoto
29%
Hitler Youth member who wrote the co-anthem of Nazi Germany named after him, killed in 1930 by communists Horst Wessel
25%
Former Grand Wizard of the KKK, Louisiana HoR representative from 1989 to 1992 David Duke
23%
Governor of Libya, active fascist Italian, killed in 1940 by Italian anti-air guns Italo Balbo
20%
Private secretary of the first entry, held immense power Martin Bormann
19%
Chinese collaborator with the Japanese, leader of the reorganized ROC Wang Jingwei
10%
Leader of the Liberal Democratic Party of Russia, devout ultranationalist Vladimir Zhirinovsky
9%
Leader of the Hitler Youth, 1931-40 Baldur von Schirach
6%
Prime minister of Japan, 1937-1941. Fumimaro Konoe
6%
General responsible for the Nanking massacre Iwane Matsui
2%
No matching quizzes found
Score Distribution
Percent of People with Each Score
Percentile by Number Answered
Your Score History
You have not taken this quiz